000 01092nam a2200265 a 4500
001 C01577917c-7
003 CO-ViMGA
005 20230915233559.0
008 180312s2016 ck o gr 000 0 spa d
020 _a9789585900875
040 _aCO-ViMGA
_bspa
_cCO-ViMGA
043 _as-ck---
082 0 4 _aFr 780.986
_bE76a
_219
100 1 _aEspinel Riveros, Nancy Leonor.
_912189
245 1 0 _aAproximación al joropo :
_botra de las manifestaciones de la identidad cultural de los villavicenses /
_cNancy Espinel Riveros, Nicolás Espinel Sánchez.
260 _aVillavicencio :
_bCorporación Cultural Municipal de Villavicencio :
_bCoorporación Cultural Entreletras :
_bPatrimonium Sum,
_c2016.
300 _a139 páginas :
_bfotografías ;
_c20 cm.
504 _aIncluye referencias bibliográficas (páginas 121-124)
650 1 4 _aJoropo (Danza)
_z Colombia.
_912190
650 1 4 _aMúsica folclórica colombiana.
_94610
650 1 4 _aMúsica llanera
_911079
651 4 _aColombia
_x Identidad cultural.
_912191
700 1 _aEspinel Sánchez, Nicolás.
_912192
942 _2ddc
_cBK
999 _c10651
_d10651